Engineering Mathematics (Record no. 643)

MARC details
005 - DATE AND TIME OF LATEST TRANSACTION
control field 20250314142632.0
020 ## - INTERNATIONAL STANDARD BOOK NUMBER
International Standard Book Number 978-0-75-068555-9
082 ## - DEWEY DECIMAL CLASSIFICATION NUMBER
Classification number 510.2462 BIR
100 ## - MAIN ENTRY--PERSONAL NAME
Author name BIRD, J.
245 ## - TITLE STATEMENT
Title Engineering Mathematics
250 ## - EDITION STATEMENT
Edition statement 5th Ed.
260 ## - PUBLICATION, DISTRIBUTION, ETC.
Place of publication, distribution, etc. Amsterdam
Name of publisher, distributor, etc. Elsevier
Date of publication, distribution, etc. 2007
300 ## - PHYSICAL DESCRIPTION
Extent xiii.576p., graphs, ill., tables
Other physical details Index
Dimensions 27cm.
856 ## - ELECTRONIC LOCATION AND ACCESS
Link text Access Book Online
Electronic name Engineering Mathematics
Path www.newnespress.com
942 ## - ADDED ENTRY ELEMENTS (KOHA)
Source of classification or shelving scheme Dewey Decimal Classification
Koha item type Books
Holdings
Date last seen Total checkouts Full call number Barcode Price effective from Koha item type Lost status Source of classification or shelving scheme Damaged status Not for loan Withdrawn status Home library Current library Shelving location Date acquired Cost, normal purchase price
03/14/2025   510.2462 BIR, L.M. 000000908 03/14/2025 Books   Dewey Decimal Classification       College of Business Education Main Library College of Business Education Main Library General Collection 03/14/2025 85000.00
03/14/2025   510.2462 BIR, L.M. 000000909 03/14/2025 Books   Dewey Decimal Classification       College of Business Education Main Library College of Business Education Main Library General Collection 03/14/2025 85000.00